| 000 | 00449cam a22001097a 4500 | ||
|---|---|---|---|
| 008 | 180718b1954 xxu||||| |||| 00| 0 eng d | ||
| 082 | _aP1108x42 Un3n/4 | ||
| 245 |
_aTraining and Supply of Teachers of Handicapped Pupils: fourth report of the national advisory council on the traning and supply of teachers _cby Ministry of Education |
||
| 260 |
_aLondon _bHer MAjesty's Stationery Office _c1954 |
||
| 300 | _a44p. | ||
| 700 | _aU.K. Ministry of Education | ||
| 999 |
_c414678 _d414678 |
||